| 000 | 01497cam a2200349 a 4500 | ||
|---|---|---|---|
| 001 | 16085571 | ||
| 005 | 20101020175636.0 | ||
| 008 | 100204s2011 mauab b 001 0 eng | ||
| 010 | _a 2010004283 | ||
| 015 |
_aGBB039165 _2bnb |
||
| 016 | 7 |
_a015510641 _2Uk |
|
| 020 | _a0205665748 | ||
| 020 | _a9780205665747 | ||
| 035 | _a(OCoLC)ocn504279719 | ||
| 040 |
_aDLC _cDLC _dYDX _dYDXCP _dUKM _dDLC |
||
| 050 | 0 | 0 |
_aHM586 _b.T47 2011 |
| 082 | 0 | 0 |
_a301 _222 _bTHO |
| 100 | 1 |
_aThompson, William E. _q(William Edwin), _d1950- _927493 |
|
| 245 | 1 | 0 |
_aSociety in Focus : _bAn Introduction to Sociology / _cWilliam E. Thompson, Joseph V. Hickey. |
| 250 | _a7th ed. | ||
| 260 |
_aBoston : _bAllyn & Bacon, 2011 _cc2011. |
||
| 300 |
_axxii, 647 p. : _bill. (chiefly col.), col. maps ; _c28 cm. |
||
| 504 | _aIncludes bibliographical references and indexes. | ||
| 505 | 0 | _aDiscovering sociology -- Doing sociology -- Society and culture -- Socialization -- Social interaction in everyday life. | |
| 650 | 0 |
_aSociology. _927494 |
|
| 653 |
_bBus _cOctober2011 |
||
| 700 | 1 |
_aHickey, Joseph V. _927495 |
|
| 942 |
_2ddc _cBB |
||
| 999 |
_c16131 _d16131 |
||